Advances In Cyber Security And Intelligent Analytics (Record no. 365159)

MARC details
000 -LEADER
fixed length control field 00410 a2200157 4500
005 - DATE AND TIME OF LATEST TRANSACTION
control field 20250530154531.0
008 - FIXED-LENGTH DATA ELEMENTS--GENERAL INFORMATION
fixed length control field 250530b |||||||| |||| 00| 0 eng d
020 ## - INTERNATIONAL STANDARD BOOK NUMBER
International Standard Book Number 9781032216003
041 ## - LANGUAGE CODE
Language code of text/sound track or separate title English
100 ## - MAIN ENTRY--PERSONAL NAME
Author Verma A.
245 ## - TITLE STATEMENT
Title Advances In Cyber Security And Intelligent Analytics
260 ## - PUBLICATION, DISTRIBUTION, ETC.
Name of publisher, distributor, etc. CRC Press
Date of publication, distribution, etc. 2023
300 ## - PHYSICAL DESCRIPTION
Extent 291
700 ## - ADDED ENTRY--PERSONAL NAME
Personal name Kumar J.
-- Gaur H.M.
942 ## - ADDED ENTRY ELEMENTS (KOHA)
Koha item type Books
Holdings
Withdrawn status Lost status Source of classification or shelving scheme Reference No Damaged status Not for loan Home library Current library Date acquired Vendor Net Price Full call number Barcode Date last seen Actual Price Bill Date Koha item type
    Dewey Decimal Classification Ref 145 IT (68247)   Reference Cummins College of Engineering for Women Pune Cummins College of Engineering for Women Pune 20/02/2025 155 8346.67 005.8 VER CCEP-BK-68247 20/02/2025 11128.89 20/02/2025 Books